[Event "DSOL 02 Liga Gr-A 1st"]
[Site "Playchess.com INT"]
[Date "2020.07.22"]
[Round "5.3"]
[White "Sander, Rolf"]
[Black "Cuadrado, Guillermo"]
[Result "0-1"]
[WhiteElo "1888"]
[BlackElo "2055"]
[PlyCount "42"]
[EventDate "2020.06.22"]
[EventType "team-tourn (rapid)"]
[EventCountry "GER"]
[SourceTitle "EXT 2021"]
[Source "ChessBase"]
[SourceDate "2020.10.23"]
[SourceVersion "1"]
[SourceVersionDate "2020.10.23"]
[SourceQuality "1"]
[WhiteTeam "Barmbek"]
[BlackTeam "Altstadt Roter Turm"]
[WhiteTeamCountry "GER"]
[BlackTeamCountry "GER"]

1. d4 g6 2. Bf4 Bg7 3. Nc3 d5 4. h4 c5 5. e3 Nf6 6. Nb5 Na6 7. c3 0-0 8. Be2 Ne4 9. Nf3 Bg4 10. Ne5 Bxe2 11. Qxe2 f6 12. Nf3 e5 13. dxe5 fxe5 14. Nxe5 Bxe5 15. Bxe5 Rxf2 16. Qg4 Qe8 17. Nc7 Nxc7 18. Bxc7 d4 19. cxd4 cxd4 20. Bf4 d3 21. 0-0-0 Qc6+ 0-1

[Event "Innsbruck op-B 3rd"]
[Site "Innsbruck"]
[Date "2019.09.01"]
[Round "9"]
[White "Singer, Manfred"]
[Black "Sander, Rolf"]
[Result "1/2-1/2"]
[WhiteElo "1797"]
[BlackElo "1976"]
[PlyCount "128"]
[EventDate "2019.08.25"]
[EventType "swiss"]
[EventRounds "9"]
[EventCountry "AUT"]
[SourceTitle "EXT 2020"]
[Source "ChessBase"]
[SourceDate "2019.10.17"]
[SourceVersion "1"]
[SourceVersionDate "2019.10.17"]
[SourceQuality "1"]

1. d4 d5 2. c4 e6 3. Nc3 c5 4. cxd5 exd5 5. Nf3 Nc6 6. g3 Nf6 7. Bg2 Be7 8. 0-0 c4 9. Ne5 0-0 10. Bg5 Be6 11. Rc1 h6 12. Nxc6 bxc6 13. Bxf6 Bxf6 14. b3 Rc8 15. bxc4 dxc4 16. e3 Qb6 17. Na4 Qa5 18. Nc5 c3 19. Nxe6 fxe6 20. Qb3 Kh8 21. Rxc3 c5 22. Rxc5 Rxc5 23. dxc5 Qxc5 24. Qxe6 Rb8 25. Be4 Qe5 26. Qxe5 Bxe5 27. Rb1 Rxb1+ 28. Bxb1 Kg8 29. h4 Kf8 30. Kg2 Ke7 31. f4 Bc3 32. Kf3 Kf6 33. e4 Ke6 34. e5 Be1 35. h5 Bd2 36. g4 Bc1 37. Ke4 Bd2 38. Bd3 Bc1 39. Bc4+ Ke7 40. Kf5 Bd2 41. g5 hxg5 42. fxg5 Bc1 43. Kg6 Kf8 44. h6 gxh6 45. Kxh6 Bb2 46. e6 Bc1 47. Kg6 Bd2 48. Kf6 Bc3+ 49. Kf5 Ke7 50. Be2 Bb2 51. Bh5 Bc3 52. Bf7 Bb2 53. Ke4 Bc1 54. g6 Bb2 55. Kd5 Bg7 56. Kc6 Bd4 57. Kb7 Kf6 58. a4 a5 59. Kc7 Ke7 60. Kc6 Bc3 61. Kd5 Bg7 62. Kc4 Kf8 63. Kb5 Bc3 64. Bg8 Bb4 1/2-1/2

[Event "Innsbruck op-B 3rd"]
[Site "Innsbruck"]
[Date "2019.08.30"]
[Round "8"]
[White "Sander, Rolf"]
[Black "Roth, Johannes"]
[Result "1/2-1/2"]
[WhiteElo "1976"]
[BlackElo "1856"]
[PlyCount "76"]
[EventDate "2019.08.25"]
[EventType "swiss"]
[EventRounds "9"]
[EventCountry "AUT"]
[SourceTitle "EXT 2020"]
[Source "ChessBase"]
[SourceDate "2019.10.17"]
[SourceVersion "1"]
[SourceVersionDate "2019.10.17"]
[SourceQuality "1"]

1. e4 c5 2. Nf3 e6 3. d4 cxd4 4. Nxd4 a6 5. Bd3 Qc7 6. 0-0 Nf6 7. c4 Be7 8. Nc3 0-0 9. Qe2 d6 10. Be3 b6 11. f4 Nbd7 12. Kh1 Bb7 13. Bg1 Rae8 14. Rad1 Nc5 15. Bb1 d5 16. cxd5 exd5 17. exd5 Nxd5 18. Nxd5 Bxd5 19. b4 Nd7 20. Bxh7+ Kxh7 21. Qh5+ Kg8 22. Qxd5 Nf6 23. Qb3 Bd6 24. Nf5 Bxf4 25. Qf3 Be5 26. Rc1 Qb8 27. Rc6 Re6 28. Rxe6 fxe6 29. Ne7+ Kf7 30. Nc6 Qc7 31. Nxe5+ Qxe5 32. Bxb6 Kg8 33. Bc5 Rb8 34. Qf4 Qxf4 35. Rxf4 Nd5 36. Re4 Kf7 37. Kg1 g5 38. Kf2 Nc3 1/2-1/2

[Event "Innsbruck op-B 3rd"]
[Site "Innsbruck"]
[Date "2019.08.27"]
[Round "4"]
[White "Kessler, Manuel"]
[Black "Sander, Rolf"]
[Result "1/2-1/2"]
[WhiteElo "1697"]
[BlackElo "1976"]
[PlyCount "155"]
[EventDate "2019.08.25"]
[EventType "swiss"]
[EventRounds "9"]
[EventCountry "AUT"]
[SourceTitle "EXT 2020"]
[Source "ChessBase"]
[SourceDate "2019.10.17"]
[SourceVersion "1"]
[SourceVersionDate "2019.10.17"]
[SourceQuality "1"]

1. d4 d5 2. c4 e6 3. Nc3 c5 4. e3 Nf6 5. Nf3 a6 6. Bd3 dxc4 7. Bxc4 b5 8. Bd3 Bb7 9. 0-0 Nc6 10. a4 b4 11. Ne2 Be7 12. e4 Nxd4 13. Nexd4 cxd4 14. e5 Nd5 15. Nxd4 0-0 16. Qh5 g6 17. Qg4 Qb6 18. Nf3 Rfd8 19. Ng5 Bf8 20. Qh4 h6 21. Ne4 Qd4 22. Rd1 Qxe5 23. Bxh6 Bxh6 24. Qxh6 Nf4 25. Ng5 Qg7 26. Qxg7+ Kxg7 27. Bf1 f6 28. Rac1 Rxd1 29. Rxd1 Bd5 30. Nf3 Nh3+ 31. gxh3 Bxf3 32. Rd7+ Kh6 33. Bg2 Bxg2 34. Kxg2 Kg5 35. a5 Rc8 36. Rd6 e5 37. Rxa6 Rc2 38. Rb6 Rxb2 39. a6 Ra2 40. Rxb4 Rxa6 41. Kg3 Ra3+ 42. f3 Rc3 43. Re4 Kf5 44. h4 Ra3 45. Rb4 Ra1 46. Rc4 Re1 47. Kf2 Rd1 48. Kg3 Rd4 49. Rc6 e4 50. Rc5+ Ke6 51. fxe4 Rxe4 52. h5 g5 53. Rc7 Rh4 54. Rh7 f5 55. h3 Kf6 56. Rh6+ Ke5 57. Rh8 Kf6 58. Rh6+ Kf7 59. Rh7+ Kg8 60. Rh6 f4+ 61. Kg2 Kf7 62. Rh7+ Kf6 63. Rh6+ Kf5 64. Rh8 Ke5 65. Rh7 Ke4 66. Re7+ Kf5 67. Rf7+ Ke6 68. Rh7 Kf6 69. Rh6+ Kf5 70. Rh8 f3+ 71. Kxf3 Rxh3+ 72. Kg2 Ra3 73. h6 Kg6 74. h7 Ra5 75. Kg3 Kg7 76. Rb8 Kxh7 77. Kg4 Kg7 78. Rb6 1/2-1/2

[Event "Innsbruck op-B 3rd"]
[Site "Innsbruck"]
[Date "2019.08.25"]
[Round "1"]
[White "Sander, Rolf"]
[Black "Modi, Sonia"]
[Result "1/2-1/2"]
[WhiteElo "1976"]
[BlackElo "1715"]
[PlyCount "79"]
[EventDate "2019.08.25"]
[EventType "swiss"]
[EventRounds "9"]
[EventCountry "AUT"]
[SourceTitle "EXT 2020"]
[Source "ChessBase"]
[SourceDate "2019.10.17"]
[SourceVersion "1"]
[SourceVersionDate "2019.10.17"]
[SourceQuality "1"]

1. e4 e6 2. d4 d5 3. Nc3 Nf6 4. Bd3 c5 5. exd5 cxd4 6. Nb5 Qb6 7. Nf3 Bc5 8. 0-0 Bd7 9. b4 Bxb4 10. Rb1 Nxd5 11. Nfxd4 a6 12. c4 axb5 13. cxd5 Qxd4 14. Be3 Qxd5 15. Rxb4 Rxa2 16. Rd4 Qe5 17. Re4 Qb2 18. Bd4 Qd2 19. Qb3 Nc6 20. Rd1 Ra3 21. Qb1 Qh6 22. Bxb5 Qg6 23. Bc5 Rh3 24. Bb6 Rb3 25. Qxb3 Qxe4 26. Bc5 h5 27. Bd3 Qg4 28. h3 Qg5 29. Be3 Qe7 30. Qxb7 0-0 31. Be2 Rd8 32. Bb6 Rb8 33. Qc7 Be8 34. Qxe7 Nxe7 35. Bc5 Nd5 36. Bxh5 Ba4 37. Rc1 Nf4 38. Bf3 Nd3 39. Rc3 Rb1+ 40. Kh2 1/2-1/2

[Event "GER-ch Seniors 50"]
[Site "Hamburg"]
[Date "2018.07.29"]
[Round "9"]
[White "Wulff, Jens Peter"]
[Black "Sander, Rolf"]
[Result "1/2-1/2"]
[WhiteElo "1801"]
[BlackElo "2019"]
[PlyCount "37"]
[EventDate "2018.07.21"]
[EventType "swiss"]
[EventRounds "9"]
[EventCountry "GER"]
[SourceTitle "CBM 186 Extra"]
[Source "ChessBase"]
[SourceDate "2018.08.24"]
[SourceVersion "1"]
[SourceVersionDate "2018.08.24"]
[SourceQuality "1"]

1. d4 d5 2. Nf3 c5 3. c3 Nf6 4. Bf4 Nc6 5. Nbd2 Bf5 6. Nb3 c4 7. Nc1 e6 8. h3 Be7 9. g4 Be4 10. Bg2 Nd7 11. e3 b5 12. Ne2 h6 13. Bh2 Qb6 14. Ng3 Bd3 15. Nh5 0-0 16. Nf4 Be4 17. 0-0 a5 18. Nd2 Bxg2 19. Kxg2 1/2-1/2

[Event "Lueneburg op-A"]
[Site "Lueneburg"]
[Date "2017.07.14"]
[Round "7"]
[White "Sander, Rolf"]
[Black "Popvasilev, Kalojan"]
[Result "1/2-1/2"]
[WhiteElo "2051"]
[BlackElo "1943"]
[PlyCount "53"]
[EventDate "2017.07.08"]
[EventType "swiss"]
[EventRounds "9"]
[EventCountry "GER"]
[SourceTitle "CBM 179 Extra"]
[Source "ChessBase"]
[SourceDate "2017.08.23"]
[SourceVersion "1"]
[SourceVersionDate "2017.08.23"]
[SourceQuality "1"]

1. e4 c5 2. Nf3 d6 3. Bb5+ Nd7 4. 0-0 Ngf6 5. Nc3 a6 6. Bxd7+ Bxd7 7. d4 cxd4 8. Qxd4 e5 9. Qd3 h6 10. a4 b6 11. Nd2 Qc7 12. Nc4 Be6 13. Ne3 Be7 14. Ned5 Nxd5 15. Nxd5 Bxd5 16. Qxd5 0-0 17. c3 Kh8 18. Be3 Rac8 19. f3 Qc6 20. Rfd1 Qxd5 21. Rxd5 Rc6 22. Rc1 Rfc8 23. Bd2 Kg8 24. b3 Bg5 25. Bxg5 hxg5 26. c4 Kf8 27. Rcd1 1/2-1/2

[Event "Lueneburg op-A"]
[Site "Lueneburg"]
[Date "2017.07.13"]
[Round "6"]
[White "Maurer, Rainer1"]
[Black "Sander, Rolf"]
[Result "1/2-1/2"]
[WhiteElo "1851"]
[BlackElo "2051"]
[PlyCount "45"]
[EventDate "2017.07.08"]
[EventType "swiss"]
[EventRounds "9"]
[EventCountry "GER"]
[SourceTitle "CBM 179 Extra"]
[Source "ChessBase"]
[SourceDate "2017.08.23"]
[SourceVersion "1"]
[SourceVersionDate "2017.08.23"]
[SourceQuality "1"]

1. d4 d5 2. Nf3 c5 3. c3 Nf6 4. Nbd2 e6 5. Ne5 Bd6 6. Ndf3 0-0 7. h3 Nc6 8. Nxc6 bxc6 9. Bg5 cxd4 10. Qxd4 Be7 11. e3 c5 12. Qd1 Qb6 13. Qc2 Rd8 14. Be2 Rb8 15. Rb1 Ba6 16. 0-0 Rbc8 17. Rfd1 Qa5 18. Bxa6 Qxa6 19. b3 h6 20. Bxf6 Bxf6 21. c4 Qa5 22. Rd3 dxc4 23. Rxd8+ 1/2-1/2

[Event "Hamburg-ch int 11th"]
[Site "Hamburg"]
[Date "2008.05.15"]
[Round "7"]
[White "Mueller, Joerg"]
[Black "Sander, Rolf"]
[Result "1/2-1/2"]
[WhiteElo "2116"]
[BlackElo "2058"]
[PlyCount "107"]
[EventDate "2008.05.10"]
[EventType "swiss"]
[EventRounds "9"]
[EventCountry "GER"]
[SourceTitle "CBM 124 Extra"]
[Source "ChessBase"]
[SourceDate "2008.07.03"]
[SourceVersion "1"]
[SourceVersionDate "2008.07.03"]
[SourceQuality "1"]

1. g3 d5 2. Bg2 Nf6 3. Nf3 Bf5 4. 0-0 c6 5. d3 Nbd7 6. Bf4 h6 7. Re1 g5 8. Bc1 e5 9. e4 dxe4 10. dxe4 Be6 11. b3 Qc7 12. Bb2 0-0-0 13. Qe2 Bg7 14. Nbd2 Ne8 15. Nc4 f6 16. a4 Nd6 17. Nxd6+ Qxd6 18. Ba3 Qc7 19. a5 Bf8 20. b4 Nb8 21. c4 Kd7 22. Nd2 Ke8 23. Red1 Kf7 24. Bf3 Kg7 25. Nf1 Be7 26. Bg4 Qc8 27. Bxe6 Qxe6 28. Ne3 Qf7 29. Nf5+ Kh7 30. c5 Rxd1+ 31. Rxd1 Rd8 32. Rf1 Bf8 33. Qf3 Na6 34. h4 Nc7 35. hxg5 fxg5 36. Kg2 Ne6 37. Bb2 Bg7 38. Rh1 Qg6 39. Rd1 Rxd1 40. Qxd1 Nd4 41. Bxd4 exd4 42. Qd3 Qf6 43. Nd6 Qe7 44. Qf3 Kg8 45. Qf5 d3 46. Kf1 Qe5 47. Qf7+ Kh8 48. Qa2 Qc3 49. Qe6 Qa1+ 50. Kg2 d2 51. Qc8+ Kh7 52. Qf5+ Kg8 53. Qe6+ Kh7 54. Qf5+ 1/2-1/2

[Event "Hamburg Junge op"]
[Site "Hamburg"]
[Date "2005.10.04"]
[Round "4"]
[White "Holzweissig, Hans Joachim"]
[Black "Sander, Rolf"]
[Result "1/2-1/2"]
[WhiteElo "1705"]
[BlackElo "2048"]
[PlyCount "45"]
[EventDate "2005.10.01"]
[EventType "swiss"]
[EventRounds "9"]
[EventCountry "GER"]
[SourceTitle "CBM 108 Extra"]
[Source "ChessBase"]
[SourceDate "2005.11.04"]
[SourceVersion "1"]
[SourceVersionDate "2005.11.04"]
[SourceQuality "1"]

1. Nc3 d5 2. e4 dxe4 3. Nxe4 Qd5 4. Nc3 Qa5 5. d4 c6 6. Bd2 Bf5 7. Nf3 Nf6 8. Be2 Nbd7 9. 0-0 e6 10. a3 Qc7 11. Nh4 Bg6 12. g3 Bd6 13. Bf3 Nb6 14. b3 Nbd5 15. Nxd5 cxd5 16. Nxg6 hxg6 17. Bb4 Bxb4 18. axb4 0-0 19. Qd3 Rfc8 20. Ra2 Qb6 21. b5 Ne8 22. c4 Nd6 23. Be2 1/2-1/2

[Event "Hamburg Junge op"]
[Site "Hamburg"]
[Date "2005.10.02"]
[Round "2"]
[White "Zumsande, Martin"]
[Black "Sander, Rolf"]
[Result "1-0"]
[WhiteElo "2368"]
[BlackElo "2048"]
[PlyCount "75"]
[EventDate "2005.10.01"]
[EventType "swiss"]
[EventRounds "9"]
[EventCountry "GER"]
[SourceTitle "CBM 108 Extra"]
[Source "ChessBase"]
[SourceDate "2005.11.04"]
[SourceVersion "1"]
[SourceVersionDate "2005.11.04"]
[SourceQuality "1"]

1. e4 d5 2. exd5 Qxd5 3. Nc3 Qa5 4. d4 c6 5. Nf3 Nf6 6. Bc4 Bf5 7. Bd2 e6 8. Ne4 Qc7 9. Nxf6+ gxf6 10. Qe2 Nd7 11. 0-0-0 0-0-0 12. Nh4 Bg6 13. Bb3 c5 14. d5 Nb6 15. Nxg6 hxg6 16. Ba5 e5 17. h4 Bd6 18. c4 f5 19. h5 e4 20. hxg6 fxg6 21. Bc3 Be5 22. Rxh8 Rxh8 23. d6 Qg7 24. Qe3 Nd7 25. Bxe5 Qxe5 26. Rd5 Qg7 27. g4 Qf7 28. Bd1 b6 29. gxf5 gxf5 30. Qf4 Rf8 31. Kb1 Qe6 32. Be2 Rf6 33. Bf1 Nf8 34. Bh3 Kd8 35. Bxf5 Qf7 36. d7 e3 37. Qb8+ Ke7 38. d8Q# 1-0

[Event "Hamburg Junge op"]
[Site "Hamburg"]
[Date "2005.10.01"]
[Round "1"]
[White "Sander, Rolf"]
[Black "Bodnar, Alexander"]
[Result "1/2-1/2"]
[WhiteElo "2048"]
[BlackElo "2408"]
[PlyCount "73"]
[EventDate "2005.10.01"]
[EventType "swiss"]
[EventRounds "9"]
[EventCountry "GER"]
[SourceTitle "CBM 108 Extra"]
[Source "ChessBase"]
[SourceDate "2005.11.04"]
[SourceVersion "1"]
[SourceVersionDate "2005.11.04"]
[SourceQuality "1"]

1. e4 c5 2. Nf3 d6 3. d4 cxd4 4. Nxd4 Nf6 5. Nc3 a6 6. Be3 e5 7. Nb3 Be7 8. f3 Be6 9. g4 0-0 10. g5 Nh5 11. Qd2 Nc6 12. Rg1 b5 13. Nd5 Qb8 14. 0-0-0 Rd8 15. Qc3 Bxd5 16. exd5 Na7 17. Bh3 g6 18. Nd2 Nc8 19. Bg4 b4 20. Qd3 Qb5 21. Ne4 f5 22. gxf6 Nxf6 23. Nxf6+ Bxf6 24. Be6+ Kh8 25. Qe4 Ne7 26. h4 Rab8 27. h5 gxh5 28. Bg5 Bxg5+ 29. Rxg5 Ng8 30. Qf5 Rf8 31. Rxg8+ Rxg8 32. Bxg8 Rxg8 33. Qf6+ Rg7 34. Qf8+ Rg8 35. Qf6+ Rg7 36. Qf8+ Rg8 37. Qf6+ 1/2-1/2

[Event "Traum op 12th"]
[Site "Oberstdorf"]
[Date "2005.07.14"]
[Round "6"]
[White "Sakowski, Christian"]
[Black "Sander, Rolf"]
[Result "1/2-1/2"]
[WhiteElo "1986"]
[BlackElo "2046"]
[PlyCount "26"]
[EventDate "2005.07.08"]
[EventType "swiss"]
[EventRounds "9"]
[EventCountry "GER"]
[SourceTitle "EXT 2019"]
[Source "ChessBase"]
[SourceDate "2018.10.10"]
[SourceVersion "1"]
[SourceVersionDate "2018.10.10"]
[SourceQuality "1"]

1. g3 d5 2. Bg2 Nf6 3. d4 e6 4. Nf3 c5 5. c3 Nc6 6. Bg5 h6 7. Bxf6 Qxf6 8. e3 Be7 9. Nbd2 0-0 10. 0-0 Rd8 11. Re1 cxd4 12. exd4 a6 13. a4 b6 1/2-1/2

[Event "Traum op 12th"]
[Site "Oberstdorf"]
[Date "2005.07.11"]
[Round "3"]
[White "Fischer, Roger"]
[Black "Sander, Rolf"]
[Result "1/2-1/2"]
[WhiteElo "2175"]
[BlackElo "2046"]
[PlyCount "39"]
[EventDate "2005.07.08"]
[EventType "swiss"]
[EventRounds "9"]
[EventCountry "GER"]
[SourceTitle "EXT 2019"]
[Source "ChessBase"]
[SourceDate "2018.10.10"]
[SourceVersion "1"]
[SourceVersionDate "2018.10.10"]
[SourceQuality "1"]

1. Nf3 d5 2. c4 e6 3. d4 c5 4. cxd5 exd5 5. g3 Nf6 6. Nc3 Nc6 7. Bg2 Be7 8. 0-0 0-0 9. Bg5 c4 10. Ne5 Be6 11. Nxc4 dxc4 12. Bxf6 Bxf6 13. d5 Bxd5 14. Qxd5 Qxd5 15. Bxd5 Na5 16. Rac1 Rad8 17. Rfd1 a6 18. e4 Rd7 19. f4 Rfd8 20. Kf1 1/2-1/2

[Event "Gausdal op"]
[Site "Gausdal"]
[Date "2004.09.27"]
[Round "6"]
[White "Forsaa, Espen"]
[Black "Sander, Rolf"]
[Result "1/2-1/2"]
[WhiteElo "2027"]
[BlackElo "2049"]
[PlyCount "20"]
[EventDate "2004.09.??"]
[EventType "swiss"]
[EventRounds "10"]
[EventCountry "NOR"]
[SourceTitle "CBM 102 Extra"]
[Source "ChessBase"]
[SourceDate "2004.11.03"]
[SourceVersion "1"]
[SourceVersionDate "2004.11.03"]
[SourceQuality "1"]

1. c4 e6 2. g3 d5 3. Bg2 Nf6 4. Nf3 Be7 5. 0-0 0-0 6. b3 c5 7. cxd5 exd5 8. d4 Nc6 9. Bb2 Ne4 10. dxc5 Bxc5 1/2-1/2

[Event "Gausdal op"]
[Site "Gausdal"]
[Date "2004.09.24"]
[Round "2"]
[White "Nordahl, Helge Andreas"]
[Black "Sander, Rolf"]
[Result "1-0"]
[WhiteElo "2352"]
[BlackElo "2049"]
[PlyCount "109"]
[EventDate "2004.09.??"]
[EventType "swiss"]
[EventRounds "10"]
[EventCountry "NOR"]
[SourceTitle "CBM 102 Extra"]
[Source "ChessBase"]
[SourceDate "2004.11.03"]
[SourceVersion "1"]
[SourceVersionDate "2004.11.03"]
[SourceQuality "1"]

1. d4 d5 2. c4 e6 3. Nc3 c5 4. cxd5 exd5 5. Nf3 Nc6 6. g3 Nf6 7. Bg2 Be7 8. 0-0 0-0 9. b3 Ne4 10. Bb2 Bf6 11. Na4 b6 12. dxc5 Bxb2 13. Nxb2 Nxc5 14. Nd3 Ne4 15. Nde5 Nxe5 16. Nxe5 Bb7 17. Qd4 Qf6 18. Nf3 Qe7 19. Rac1 Rac8 20. Qb2 Ba6 21. Rfd1 Rc5 22. Rxc5 Qxc5 23. Nd4 Rc8 24. e3 h6 25. h4 Rc7 26. Nf5 Qc3 27. Qxc3 Nxc3 28. Rd2 Ne4 29. Bxe4 dxe4 30. Nd6 Rc1+ 31. Kh2 Bd3 32. g4 Kf8 33. Nf5 a5 34. Kg3 Rc2 35. Rxc2 Bxc2 36. Nd6 Bb1 37. a3 Bc2 38. b4 axb4 39. axb4 g6 40. Kf4 f6 41. Nc4 b5 42. Nd6 Bd3 43. g5 hxg5+ 44. hxg5 Ke7 45. Nxe4 fxg5+ 46. Ke5 g4 47. Nf6 Be2 48. Nd5+ Kd7 49. Nc3 Bd3 50. Kf6 Kd6 51. e4 Bf1 52. e5+ Kd7 53. e6+ Ke8 54. Nd5 Bd3 55. Nc7+ 1-0

[Event "Gausdal Classics op 2nd"]
[Site "Gausdal"]
[Date "2003.10.28"]
[Round "10"]
[White "Sander, Rolf"]
[Black "Harstad, Christian"]
[Result "1/2-1/2"]
[WhiteElo "2050"]
[BlackElo "2107"]
[PlyCount "49"]
[EventDate "2003.10.??"]
[EventType "swiss"]
[EventRounds "11"]
[EventCountry "NOR"]
[SourceTitle "EXT 2005"]
[Source "ChessBase"]
[SourceDate "2004.11.15"]
[SourceVersion "1"]
[SourceVersionDate "2004.11.15"]
[SourceQuality "1"]

1. e4 e5 2. Nf3 Nc6 3. d4 exd4 4. Nxd4 Nf6 5. Nxc6 bxc6 6. e5 Qe7 7. Qe2 Nd5 8. c4 Nb6 9. Nc3 Qe6 10. Qe4 Bb4 11. Bd2 Bb7 12. f4 Bxc3 13. Bxc3 f5 14. Qd4 d6 15. 0-0-0 c5 16. Qf2 0-0-0 17. b3 Rhe8 18. Be2 g6 19. Bf3 Bxf3 20. Qxf3 d5 21. cxd5 Rxd5 22. Rxd5 Qxd5 23. Qxd5 Nxd5 24. Bd2 Kb7 25. Kb2 1/2-1/2

[Event "Gausdal Classics op 2nd"]
[Site "Gausdal"]
[Date "2003.10.24"]
[Round "5"]
[White "Nilsen, Terje"]
[Black "Sander, Rolf"]
[Result "1/2-1/2"]
[WhiteElo "1977"]
[BlackElo "2050"]
[PlyCount "106"]
[EventDate "2003.10.??"]
[EventType "swiss"]
[EventRounds "11"]
[EventCountry "NOR"]
[SourceTitle "EXT 2005"]
[Source "ChessBase"]
[SourceDate "2004.11.15"]
[SourceVersion "1"]
[SourceVersionDate "2004.11.15"]
[SourceQuality "1"]

1. Nf3 d5 2. d4 e6 3. e3 c5 4. b3 Nf6 5. Bd3 Nc6 6. a3 cxd4 7. exd4 Bd6 8. Bb2 0-0 9. 0-0 b6 10. Nbd2 Bb7 11. Re1 Rc8 12. Ne5 Nd7 13. Re3 Bxe5 14. dxe5 h6 15. b4 d4 16. Rg3 Ndxe5 17. Qh5 Ng6 18. Bxg6 fxg6 19. Qxg6 Qf6 20. Qxf6 Rxf6 21. b5 Ne7 22. Bxd4 Rg6 23. Rxg6 Nxg6 24. c4 Nf4 25. Be5 Nxg2 26. Bg3 g5 27. Rc1 Nf4 28. Bxf4 gxf4 29. Nb3 Kf7 30. c5 bxc5 31. Rxc5 Rxc5 32. Nxc5 Bd5 33. Nd3 f3 34. a4 Ke7 35. Ne5 Kd6 36. Nd3 Bc4 37. Nb4 Bd5 38. Kf1 Kc5 39. Nd3+ Kd4 40. Nb4 Kc5 41. Nd3+ Kb6 42. Ne5 Bb3 43. Nxf3 Bxa4 44. Ke1 Bxb5 45. Nd4 Bc4 46. Kd2 Kc5 47. Kc3 a5 48. f4 a4 49. f5 exf5 50. Nxf5 h5 51. h4 a3 52. Ng3 Bf7 53. Nxh5 Bxh5 1/2-1/2

[Event "Troll Masters"]
[Site "Gausdal"]
[Date "2003.01.11"]
[Round "6"]
[White "Andersen, Alf Roger"]
[Black "Sander, Rolf"]
[Result "1-0"]
[WhiteElo "2142"]
[BlackElo "2048"]
[PlyCount "79"]
[EventDate "2003.01.07"]
[EventType "swiss"]
[EventRounds "10"]
[EventCountry "NOR"]
[SourceTitle "CBM 092 Extra"]
[Source "ChessBase"]
[SourceDate "2003.03.07"]
[SourceVersion "1"]
[SourceVersionDate "2003.03.07"]
[SourceQuality "1"]

1. Nf3 d5 2. g3 Nf6 3. Bg2 c5 4. d3 Nc6 5. 0-0 Bf5 6. Nbd2 e6 7. Re1 Be7 8. c3 0-0 9. a3 h6 10. b4 cxb4 11. cxb4 a6 12. Bb2 Rc8 13. Nb3 Nd7 14. Rc1 Bf6 15. Bxf6 Qxf6 16. d4 Be4 17. e3 Rc7 18. Nfd2 Bxg2 19. Kxg2 Rfc8 20. Qe2 Qd8 21. Nc5 Ncb8 22. Ndb3 b5 23. Nd2 Nxc5 24. dxc5 Nc6 25. Nf3 e5 26. Rcd1 Rd7 27. Qb2 Qf6 28. Rd2 Rcd8 29. Red1 Qf5 30. Qb3 g5 31. h3 h5 32. Rxd5 g4 33. hxg4 hxg4 34. Ng5 Nd4 35. Rxd7 Nxb3 36. Rxd8+ Kg7 37. Nxf7 Kxf7 38. R1d7+ Ke6 39. Rd6+ Ke7 40. c6 1-0

[Event "Troll Masters"]
[Site "Gausdal"]
[Date "2003.01.10"]
[Round "5"]
[White "Sander, Rolf"]
[Black "Bue, Gunnar"]
[Result "1-0"]
[WhiteElo "2048"]
[BlackElo "1991"]
[PlyCount "41"]
[EventDate "2003.01.07"]
[EventType "swiss"]
[EventRounds "10"]
[EventCountry "NOR"]
[SourceTitle "CBM 092 Extra"]
[Source "ChessBase"]
[SourceDate "2003.03.07"]
[SourceVersion "1"]
[SourceVersionDate "2003.03.07"]
[SourceQuality "1"]

1. e4 c5 2. Nf3 e6 3. d4 cxd4 4. Nxd4 a6 5. Bd3 Bc5 6. Nb3 Be7 7. Be3 Nc6 8. Nc3 b5 9. 0-0 Nf6 10. f4 d6 11. a3 Bb7 12. Qe2 0-0 13. Rad1 Rc8 14. e5 Nd5 15. Nxd5 exd5 16. Nd4 Nxd4 17. Bxd4 dxe5 18. Bxe5 Bc5+ 19. Kh1 g6 20. f5 g5 21. f6 1-0

[Event "Troll Masters"]
[Site "Gausdal"]
[Date "2003.01.08"]
[Round "2"]
[White "House, Glenn"]
[Black "Sander, Rolf"]
[Result "1-0"]
[WhiteElo "2284"]
[BlackElo "2048"]
[PlyCount "63"]
[EventDate "2003.01.07"]
[EventType "swiss"]
[EventRounds "10"]
[EventCountry "NOR"]
[SourceTitle "CBM 092 Extra"]
[Source "ChessBase"]
[SourceDate "2003.03.07"]
[SourceVersion "1"]
[SourceVersionDate "2003.03.07"]
[SourceQuality "1"]

1. e4 d5 2. exd5 Qxd5 3. Nc3 Qa5 4. d4 c6 5. Nf3 Nf6 6. Bc4 Bf5 7. Ne5 e6 8. Bd2 Bb4 9. Qe2 Nbd7 10. Nxd7 Nxd7 11. a3 0-0-0 12. 0-0 Bxc3 13. Bxc3 Qc7 14. Rfd1 Nf6 15. Bb3 Qf4 16. f3 Nd5 17. Be1 Rd7 18. Bf2 Qg5 19. Bg3 Rhd8 20. Kf2 Bg6 21. c4 Nf6 22. Qe3 Qf5 23. Kg1 h6 24. d5 exd5 25. Qxa7 Rd6 26. cxd5 Nxd5 27. Bxd6 Rxd6 28. Qc5 Rd8 29. Rxd5 Rxd5 30. Bxd5 Qxd5 31. Qxd5 cxd5 32. Rd1 1-0